Associez l'Artiste à la Musique - Statistiques

Statistiques générales
  • Ce quiz a été pris 504 fois
  • Le résultat moyen est 15 sur 20
Statistiques - réponses
Hint Réponse % Correct
Lady Gaga Bad Romance
93%
Pharrell Williams Happy
93%
PSY Gangnam Style
92%
Rihanna Umbrella
92%
The Weeknd Blinding Lights
91%
Spice Girls Wannabe
87%
Black Eyed Peas I Gotta Feeling
85%
Nirvana Smells Like Teen Spirit
82%
50 Cent In Da Club
80%
Gloria Gaynor I Will Survive
74%
A-HA Take On Me
72%
Eiffel 65 Blue (da ba dee)
67%
The Police Every Breath You Take
66%
Survivor Eye Of The Tiger
66%
Rick Astley Never Gonna Give You Up
66%
Eurythmics Sweet Dreams
62%
Europe The Final Countdown
62%
The White Stripes Seven Nation Army
60%
MC Hammer U Can't Touch This
52%
Smash Mouth All Star
49%
Aucun quiz correspondant
Distribution des résultats
% des personnes avec chaque résultat
Percentile par nombre de réponses
Votre historique - résultats
Vous n’avez pas pris ce quiz